| 000 | 00675nam a22001937a 4500 | ||
|---|---|---|---|
| 003 | OSt | ||
| 005 | 20260521145910.0 | ||
| 008 | 260521b |||||||| |||| 00| 0 eng d | ||
| 040 | _cChuka | ||
| 050 |
_aTHE BF 636 _b.M33 2024 |
||
| 100 |
_aJoyce mghoi macharia _926404 |
||
| 245 | _acorrelation between core self-evaluation traits and psychosocial well-being among students in public universities in the upper eastern region of kenya | ||
| 260 |
_achuka,kenya _bchuka university _c2024 |
||
| 300 | _a156p | ||
| 650 |
_a1. well-being psychological aspects _926405 |
||
| 650 |
_a2. self-evaluation _926406 |
||
| 650 |
_a3. educational psychology _926407 |
||
| 942 |
_2lcc _cTHE _n0 |
||
| 999 |
_c22873 _d22873 |
||